| 000 | 00000nam 2200000zi 4500 |
| 001 | 9.947610 |
| 003 | CaOODSP |
| 005 | 20251002102921 |
| 006 | m o d f |
| 007 | cr mn||||||||| |
| 008 | 250131t20252025onca o f000 0 eng d |
| 020 | |a9780660755250 |
| 040 | |aCaOODSP|beng|erda|cCaOODSP |
| 043 | |an-cn--- |
| 086 | 1 |aD2-691/2025E-PDF |
| 110 | 2 |aCanadian Forces Housing Agency.|eauthor, |eissuing body. |
| 245 | 10|aBuilding our future : |bstrategic plan 2025-2030. |
| 264 | 1|a[Ottawa] : |bNational Defence, Canadian Forces Housing Agency = Défense nationale, Agence de logement des Forces canadiennes, |c[2025] |
| 264 | 4|c©2025 |
| 300 | |a1 online resource (27 pages) : |bcolour illustrations |
| 336 | |atext|btxt|2rdacontent |
| 337 | |acomputer|bc|2rdamedia |
| 338 | |aonline resource|bcr|2rdacarrier |
| 500 | |aIssued also in French under title: Bâtir notre avenir : plan stratégique 2025–2030. |
| 610 | 20|aCanadian Forces Housing Agency|xPlanning. |
| 650 | 0|aSoldiers|xHousing|zCanada. |
| 650 | 0|aFamilies of military personnel|xHousing|zCanada. |
| 710 | 1 |aCanada. |bDepartment of National Defence, |eissuing body. |
| 775 | 08|tBâtir notre avenir : |w(CaOODSP)9.947611 |
| 856 | 40|qPDF|s7.97 MB|uhttps://publications.gc.ca/collections/collection_2025/mdn-dnd/D2-691-2025-eng.pdf |
| 856 | 4 |qHTML|sN/A|uhttps://www.canada.ca/en/department-national-defence/corporate/reports-publications/cfha-strategic-plan-2025.html |